Proyecto existencial y programa de existencia: ideas para una fenomenología del obrar humano y de la razón práctica

保存先:
書誌詳細
第一著者: Vilanova, José (著者)
フォーマット: 図書
言語:スペイン語
出版事項: Buenos Aires ASTREA 1974
シリーズ:Colección Filosofía y Derecho, 4
主題:
タグ: タグ追加
タグなし, このレコードへの初めてのタグを付けませんか!

MARC

LEADER 00000nam a2200000 a 4500
001 UCV1480
003 CL-VaPUC
008 900716e19740000AG |||||||||||||||||spa|d
082 0 4 |a 340.111  |b VIL  |2 21 
100 0 |a Vilanova, José  |e author  |9 295759 
245 1 0 |a Proyecto existencial y programa de existencia: ideas para una fenomenología del obrar humano y de la razón práctica 
300 |a 145 p 
942 |c BK 
945 |d 19900716 00:00:00 
260 |a Buenos Aires  |b ASTREA  |c 1974 
650 0 |a Fenomenología  |9 256519 
650 0 |a Filosofía del derecho   |9 255050 
650 0 |a Razonamiento  |9 256520 
583 |a last modification  |c 19900716 00:00:00  |k Rodrigo Vera 
490 0 |a Colección Filosofía y Derecho, 4 
999 |c 209433  |d 209431 
952 |0 0  |1 0  |4 0  |6 340_111000000000000_VIL_1974  |7 0  |8 DER_TF  |9 184833  |a BIBDER  |b BIBDER  |d 2019-11-14  |i 2521466  |o 340.111 VIL 1974  |p 2521466  |r 2023-01-25  |w 2019-11-14  |x Ubicación 4to Piso  |y BK  |z Estos recursos deben solicitarse con anticipación  |k DER